Osiedle Wojska Polskiego (Olsztyn) - Ulice - Statystyki

Ogólne statystyki
  • Ten quiz został rozwiązany 6 razy
    5 od ostatniego zresetowania
  • Średni wynik to 13 z 26
Statystyki odpowiedzi
Litera Ulica % Poprawnych
R Radiowa
100%
W Wojska Polskiego
100%
M Małeckiego
80%
P Puszkina
80%
R Rataja
80%
W Wyspiańskiego
80%
Ż Żeromskiego
80%
1 15 Dywizji
60%
D Dragonów
60%
G Gietkowska
60%
J Jagiellońska
60%
K Kasprowicza
60%
P Prusa
60%
S Sybiraków
60%
Z Zamknięta
60%
D Dąbrowskiego
40%
F Fałata
40%
O Oficerska
40%
O Okrzei
40%
B Baczewskiego
20%
B Bohaterów Bitwy Warszawskiej 1920
20%
K Kraszewskiego
20%
N Nad Jarem
20%
P Parkowa
20%
B Bydgoska
0%
S Sportowa
0%
Nie znaleziono quizów pasujących do podanych kryteriów
Rozkład punktacji
Procent ludzi z każdym wynikiem
Percentyl według liczby udzielonych odpowiedzi
Twoja historia wyników
Nie rozwiązałeś tego quizu od ostatniego zresetowania